Asterix and the falling sky / (Record no. 58296)

MARC details
000 -LEADER
fixed length control field 01200nam a22002537a 4500
005 - DATE AND TIME OF LATEST TRANSACTION
control field 20111109170825.0
010 ## - LCCN (DPL NO)
LC control number B-444701
020 ## - INTERNATIONAL STANDARD BOOK NUMBER
International Standard Book Number 9780752875484
Terms of availability 430.00
035 ## - SYSTEM CONTROL NUMBER
System control number B-444701
037 ## - SOURCE OF ACQUISITION
Stock number Blue Berry/Ven
Source of stock number/acquisition dpl
082 00 - DEWEY DECIMAL CLASSIFICATION NUMBER
Classification number S
100 1# - MAIN ENTRY--PERSONAL NAME
Personal name Uderzo.
245 10 - TITLE STATEMENT
Title Asterix and the falling sky /
Statement of responsibility, etc written and illustrated by Albert Uderzo ; translated by Anthea Bell and Derek Hockridge.
260 ## - PUBLICATION, DISTRIBUTION, ETC. (IMPRINT)
Place of publication, distribution, etc London :
Name of publisher, distributor, etc Orion,
Date of publication, distribution, etc 2005.
270 ## - ADDRESS
Address Orion House, 5 Upper 5St Martin's Lane
City London
Postal code wc2H9EA
300 ## - PHYSICAL DESCRIPTION
Extent 47 p. :
Other physical details chiefly col. ill. ;
Dimensions 30 cm.(pbk)
700 1# - ADDED ENTRY--PERSONAL NAME
Dates associated with a name 1926-1977.
9 (RLIN) 35810
856 42 - ELECTRONIC LOCATION AND ACCESS
Materials specified Publisher description
Uniform Resource Identifier http://www.loc.gov/catdir/enhancements/fy0629/2006373775-d.html
856 42 - ELECTRONIC LOCATION AND ACCESS
Materials specified Contributor biographical information
Uniform Resource Identifier http://www.loc.gov/catdir/enhancements/fy0634/2006373775-b.html
942 ## - ADDED ENTRY ELEMENTS (KOHA)
Source of classification or shelving scheme Dewey Decimal Classification
Item type Children Books
Classification part S
Call number suffix UDE
Holdings
Withdrawn status Lost status Not for loan Collection code Home library Current library Date acquired Source of acquisition Cost, normal purchase price Full call number Barcode Copy number Cost, replacement price Koha item type
      Fiction Sarojini Nagar Sarojini Nagar 23/12/2011 Blue Berry/7042/29.9.11/83/21.3.11/12.10.11 430.00 S UDE B-444701 1 430.00 Children Books

© Delhi Public Library
Hit Counter
free hit counter